Library Logo

বীরের এ রক্তস্নোত মাতার এ অশ্রুধারা / (Record no. 105001)

000 -LEADER
fixed length control field 00784nam a22001937a 4500
003 - CONTROL NUMBER IDENTIFIER
control field BD-DhUL
005 - DATE AND TIME OF LATEST TRANSACTION
control field 20160919143621.0
008 - FIXED-LENGTH DATA ELEMENTS--GENERAL INFORMATION
fixed length control field 160919b 1973bg ||||| |||| 00| 0 ben d
040 ## - CATALOGING SOURCE
Transcribing agency BD-DhUL
Modifying agency BD-DhUL
-- BD-DhUL
082 ## - DEWEY DECIMAL CLASSIFICATION NUMBER
Classification number 954.92
Item number RAB
100 1# - MAIN ENTRY--PERSONAL NAME
Personal name রফিকুল
245 ## - TITLE STATEMENT
Title বীরের এ রক্তস্নোত মাতার এ অশ্রুধারা /
Statement of responsibility, etc. রফিকুল ইসলাম
260 ## - PUBLICATION, DISTRIBUTION, ETC. (IMPRINT)
Place of publication, distribution, etc. ঢাকা:
Name of publisher, distributor, etc. বাংলাএকাডেমী,
Date of publication, distribution, etc. ১৯৭৩.
300 ## - PHYSICAL DESCRIPTION
Extent ১৯১ পৃ.
Dimensions ২২সেমি.
504 ## - BIBLIOGRAPHY, ETC. NOTE
Bibliography, etc নির্ঘন্ট ও গ্রন্থপন্জীগত তথ্য সংবলিত
651 #0 - SUBJECT ADDED ENTRY--GEOGRAPHIC NAME
Geographic name বাংলাদেশ
General subdivision ইতিহাস
651 #0 - SUBJECT ADDED ENTRY--GEOGRAPHIC NAME
Geographic name History
942 ## - ADDED ENTRY ELEMENTS (KOHA)
Source of classification or shelving scheme
Koha item type Books
Holdings
Price effective from Date last seen Permanent Location Not for loan Date acquired Source of classification or shelving scheme Koha item type Lost status Withdrawn status Copy number Source of acquisition Collection code Damaged status Shelving location Barcode Current Location Full call number
2016-09-192016-09-19Dhaka University Library 2016-09-19 Books  1GiftNon Fiction General StacksA127322Dhaka University Library954.92 RAB
Last Updated on September 15, 2019
© Dhaka University Library. All Rights Reserved|Staff Login